01461nam a22002897a 45000010005000000030006000050050017000110080041000280200018000690400029000870500008001160820012001241000017001362450062001532500035002152600042002503000042002925050007003345200564003415210028009055210019009336500028009527000032009809420015010129990015010279520129010423960FISKH20240528105345.0240528b cb ||||| |||| 00| 0 eng d a9780552528238 aFISKHbengcFISKHdFISKH aPZ7 a823.914 aChilds, Rob  aThe big prize /cRob Childs ; illustrated by Aidan Potts  aThis edition published in 1996 aLondon : bA Young Corgi Book, c1994 a78 pages : billustrations ; c20 cm  aP  aIn this action-packed football feast Chris is thrilled to be chosen as the mascot for his club, but is his luck running out? Everything seems to be going great for Chris Weston. First he wins the prize of being chosen to be the mascot for the local football league club for their next F.A. Cup match. Then he is picked to play in goal for his school team on the morning of the same day.But then disaster strikes and Chris can hardly walk, let alone run on to a pitch. Has his luck suddenly changed for the worse? And will he miss his chance of being a mascot?8 a640 bLexile estimate 8 aP bRaz-Plus  aSoccerxWeston Brothers aPotts, Aidan eillustrator  2ddccBKn0 c3960d3960 00102ddc40708JUVFa001b001cTK Yellowd2024-05-28l0oCHI 823.914 PZ7pFISTKG4A030r2024-05-28 10:53:40w2024-05-28yBK